Statistics for The Magic School Bus Franchise

Click here to take the quiz!

General Stats

  • This quiz has been taken 4 times
  • The average score is 2 of 128

Answer Stats

TypeYearNameInfo% Correct
TV Show1994-1997The Magic School BusPBS
100%
TV Tie In Book1996The Magic School Bus Gets EatenPatricia Relf
33%
TV Tie In Book1995The Magic School Bus Inside RalphieJoanna Cole
33%
Chapter Book2002Amazing MagnetismRebecca Carmi
0%
Other Books2003Ancient EgyptJoanna Cole
0%
Other Books2002Bats Fact FinderKris Hirchmann
0%
Chapter Book2003Butterfly BattleNancy White
0%
Chapter Book2004Color Day RelayGail Herman
0%
Chapter Book2001Dinosaur DetectivesJudith Bauer Stamper
0%
Chapter Book2002Electric StormAnne Capeci
0%
Chapter Book2001Expedition Down UnderRebecca Carmi
0%
Other Books2007Field Trip FactsSchool Children
0%
Chapter Book2004Food Chain FrenzyAnne Capeci
0%
Other Books2005Imperial ChinaJoanna Cole
0%
Chapter Book2001Insect InvadersAnne Capeci
0%
Other Books1999Liz Finds a FriendTracey West
0%
Other Books1998Liz Looks for a HomeJoanna Cole
0%
Other Books1999Liz Makes a RainbowJoanna Cole / Tracey West
0%
Other Books1999Liz on the MoveTracey West
0%
Other Books1998Liz Sorts It OutTracey West
0%
Other Books1999Liz Takes FlightTracey West
0%
Other Books2003Medieval CastleJoanna Cole
0%
Chapter Book2001Penguin PuzzleJudith Bauer Stamper
0%
Chapter Book2002Polar Bear PatrolJudith Bauer Stamper
0%
Chapter Book2003Rocky Road TripJoanna Cole / Judith Bauer Stamper
0%
Other Books2002Skeletons Fact FinderJackie Glassman
0%
Chapter Book2000Space ExplorersEva Moore
0%
Chapter Book2004The Fishy Field TripMartin Schwabacher
0%
Chapter Book2000The Giant GermJoanna Cole
0%
Chapter Book2000The Great Shark EscapeJennifer Johnston
0%
Picture Book2006The Magic School and the Science Fair ExpeditionJoanna Cole
0%
Scholastic Reader Level 2 Book2010The Magic School Bus and the Butterfly BunchBruce Degen / Joanna Cole / Kristin Earthart
0%
Picture Book2010The Magic School Bus and the Climate ChallengeJoanna Cole
0%
Picture Book1996The Magic School Bus and the Electric Field TripJoanna Cole
0%
Scholastic Reader Level 2 Book2006The Magic School Bus and the Missing ToothJeanette Lane
0%
Scholastic Reader Level 2 Book2007The Magic School Bus and the Shark AdventureElizabeth Smith
0%
Scholastic Reader Level 2 Book2004The Magic School Bus and the Wild Leaf RideJudith Bauer Stamper
0%
TV Tie In Book1999The Magic School Bus Answers QuestionsAnne Schreiber / Joanna Cole
0%
Scholastic Reader Level 2 Book2004The Magic School Bus Arctic AdventureGail Herman
0%
Scholastic Reader Level 2 Book2006The Magic School Bus at the First ThanksgivingJoanna Cole
0%
Picture Book1986The Magic School Bus at the WaterworksJoanna Cole
0%
Scholastic Reader Level 2 Book2009The Magic School Bus Blasts into SpaceKristin Earthart
0%
TV Tie In Book1996The Magic School Bus Blows Its TopGail Herman
0%
Scholastic Reader Level 2 Book2007The Magic School Bus Builds the Statue of LibertyAnne Capeci / Bruce Degen / Joanna Cole
0%
TV Tie In Book1996The Magic School Bus Butterfly and the Bog BeastNancy E. Krulik
0%
Scholastic Reader Level 2 Book2009The Magic School Bus Comes to Its SensesBruce Degen / Joanna Cole / Kristin Earthart
0%
Video Game2010The Magic School Bus: DinosaursScholastic
0%
Video Game2001The Magic School Bus: Discovers Flight Activity CenterMicrosoft
0%
Video Game2000The Magic School Bus Explores BugsMicrosoft
0%
Picture Book2020The Magic School Bus Explores Human EvolutionJoanna Cole
0%
Video Game1996The Magic School Bus Explores Inside the EarthMicrosoft
0%
Video Game1996The Magic School Bus Explores in the Age of DinosaursMicrosoft
0%
Video Game1994The Magic School Bus Explores the Human BodyMicrosoft
0%
Video Game1995The Magic School Bus Explores the OceanMicrosoft
0%
Scholastic Reader Level 2 Book1995The Magic School Bus Explores the OceanConor Wolf
0%
Video Game1997The Magic School Bus Explores the RainforestMicrosoft
0%
Picture Book1999The Magic School Bus Explores the SensesJoanna Cole
0%
Video Game1994The Magic School Bus Explores the Solar SystemMicrosoft
0%
Video Game1999The Magic School Bus Explores the World of AnimalsMicrosoft
0%
Scholastic Reader Level 2 Book2001The Magic School Bus Explores the World of AnimalsNancy White
0%
Scholastic Reader Level 2 Book2002The Magic School Bus Explores the World of BugsJoanna Cole / Nancy White
0%
Scholastic Reader Level 2 Book2008The Magic School Bus Fights GermsKate Egan
0%
Scholastic Reader Level 2 Book2005The Magic School Bus Flies from the NestJoanna Cole
0%
Scholastic Reader Level 2 Book2008The Magic School Bus Flies with DinosaursMartin Schwabacher
0%
TV Tie In Book1999The Magic School Bus Gets a Bright IdeaNancy White
0%
TV Tie In Book1996The Magic School Bus Gets All Dried UpJoanna Cole
0%
TV Tie In Book1996The Magic School Bus Gets Ants in Its PantsJoanna Cole
0%
TV Tie In Book1995The Magic School Bus Gets Baked in a CakeLinda Beech
0%
Scholastic Reader Level 2 Book2007The Magic School Bus Gets Caught in a WebBruce Degen / Jeanette Lane
0%
Scholastic Reader Level 2 Book2007The Magic School Bus Gets Cleaned UpBruce Degen / Joanna Cole / Kristin Earhart
0%
TV Tie In Book1997The Magic School Bus Gets Cold FeetTracey West
0%
Scholastic Reader Level 2 Book2005The Magic School Bus Gets CrabbyKristin Earhart
0%
TV Tie In Book1997The Magic School Bus Gets PlantedJoanna Cole / Lenore Notkin / Nancy E. Krulik
0%
TV Tie In Book1999The Magic School Bus Gets ProgrammedNancy White
0%
Scholastic Reader Level 2 Book2007The Magic School Bus Gets RecycledAnne Capeci
0%
TV Tie In Book1997The Magic School Bus Goes UpstreamNancy E. Krulik
0%
TV Tie In Book1996The Magic School Bus Going BattyJoanna Cole
0%
Scholastic Reader Level 2 Book2005The Magic School Bus Has a HeartAnne Capeci
0%
TV Tie In Book1992The Magic School Bus Hops HomeJoanna Cole / Nancy Stevenson / Patricia Relf
0%
TV Tie In Book1998The Magic School Bus in a PickleNancy E. Krulik
0%
Video Game2000The Magic School Bus: In Concert Activity CenterMicrosoft
0%
Picture Book1995The Magic School Bus Inside a BeehiveJoanna Cole
0%
Picture Book1996The Magic School Bus Inside a HurricaneJoanna Cole
0%
Picture Book1987The Magic School Bus Inside the EarthJoanna Cole
0%
Picture Book1989The Magic School Bus Inside the Human BodyJoanna Cole
0%
Scholastic Reader Level 2 Book1994The Magic School Bus Inside Your MouthLinda Beech
0%
TV Tie In Book1998The Magic School Bus in the ArcticAnne Schreiber / Joanna Cole
0%
Scholastic Reader Level 2 Book2006The Magic School Bus in the Bat CaveJeannette Lane / Joanna Cole
0%
TV Tie In Book1995The Magic School Bus in the Haunted MuseumLinda Beech
0%
Scholastic Reader Level 2 Book2001The Magic School Bus in the Rain ForestEva Moore
0%
Picture Book1994The Magic School Bus in the Time of DinosaursJoanna Cole
0%
TV Tie In Book1995The Magic School Bus Kicks Up a StormNancy White
0%
Video Game2000The Magic School Bus: Lands on Mars Activity CenterMicrosoft
0%
Other Books1995The Magic School Bus Looking for LizScholastic Books
0%
Scholastic Reader Level 2 Book2006The Magic School Bus Lost in SnowCarolyn Bracken / Joanna Cole
0%
Picture Book1990The Magic School Bus Lost in the Solar SystemJoanna Cole
0%
TV Tie In Book1997The Magic School Bus Makes a RainbowBruce Degen
0%
TV Tie In Book1995The Magic School Bus Meets the Rot SquadJoanna Cole / Linda Beech
0%
Video Game2010The Magic School Bus: OceansScholastic
0%
Video Game2011The Magic School Bus: OceansScholastic
0%
Picture Book1992The Magic School Bus on the Ocean FloorJoanna Cole
0%
TV Tie In Book1996The Magic School Bus Out of This WorldJackie Posner
0%
TV Tie In Book1995The Magic School Bus Plants SeedsPatricia Relf
0%
TV Tie In Book1997The Magic School Bus Plays BallJoanna Cole
0%
Web Series2017-2018The Magic School Bus Rides AgainNetflix
0%
Scholastic Reader Level 2 Book2007The Magic School Bus Rides the WindAnne Capeci
0%
TV Tie In Book1999The Magic School Bus Sees StarsJoanna Cole
0%
TV Tie In Book1997The Magic School Bus Shows and TellsJoanna Cole
0%
Scholastic Reader Level 2 Book2005The Magic School Bus Sleeps for the WinterEva Moore
0%
Video Game1995The Magic School Bus: Space Exploration GameAppaloosa Interactive
0%
TV Tie In Book1997The Magic School Bus Spins a WebJoanna Cole
0%
TV Tie In Book1998The Magic School Bus Takes a DiveNancy White
0%
Scholastic Reader Level 2 Book2007The Magic School Bus Takes a MoonwalkCarolyn Bracken / Joanna Cole
0%
TV Tie In Book1997The Magic School Bus Taking FlightGail Herman / Joanna Cole
0%
Scholastic Reader Level 2 Book2002The Magic School Bus to the Rescue: BlizzardJudith Bauer Stamper
0%
Scholastic Reader Level 2 Book2003The Magic School Bus to the Rescue: EarthquakeGail Herman
0%
Scholastic Reader Level 2 Book2003The Magic School Bus to the Rescue: Flash FloodAnne Capeci
0%
Scholastic Reader Level 2 Book2002The Magic School Bus to the Rescue: Forest FireAnne Capeci
0%
TV Tie In Book1997The Magic School Bus Ups and DownsJane B. Mason / Joanna Cole
0%
Video Game2001The Magic School Bus: Volcano Adventure Activity CenterMicrosoft
0%
Scholastic Reader Level 2 Book2008The Magic School Bus Weathers the StormCarolyn Bracken / Kristin Earhart
0%
TV Tie In Book1996The Magic School Bus Wet All OverPatricia Relf
0%
Video Game2001The Magic School Bus: Whales and Dolphins Activity CenterMicrosoft
0%
Chapter Book1999The Search for the Missing BonesEva Moore
0%
Chapter Book1999The Truth About BatsEva Moore
0%
Chapter Book2000The Wild Whale WatchEva Moore
0%
Chapter Book2001Twister TroubleAnne Schreiber
0%
Chapter Book2003Voyage to the VolcanoJudith Bauer Stamper
0%

Score Distribution

Percentile by Number Answered

Percent of People with Each Score

Your Score History

You have not taken this quiz